000
00272nam a22001097a 4500
082
_a
621.004 MES'M
100
_a
MESSERSMITH, C.W,WARNER, C.F
_9
59582
245
_a
MECHANICAL ENGINEERING LABIRATORY
260
_a
NEW YORK
_b
JOHN WILEY
_c
1950
300
_a
160P
942
_c
BK
999
_c
569525
_d
569525